| Record ID | ia:flyinginplace00palw |
| Source | Internet Archive |
| Download MARC XML | https://archive.org/download/flyinginplace00palw/flyinginplace00palw_marc.xml |
| Download MARC binary | https://www.archive.org/download/flyinginplace00palw/flyinginplace00palw_meta.mrc |
LEADER: 01416cam 2200397 a 4500
001 ocm22907287
003 OCoLC
005 20101002185434.0
008 901211s1992 nyu 000 1 eng
010 $a 90027351
040 $aDLC$cDLC$dOCL$dBAKER$dBTCTA$dYDXCP
020 $a0312851839 :$c$17.95
020 $a9780312851835
035 $a(OCoLC)22907287
050 00 $aPS3566.A554$bF58 1992
082 00 $a813/.54$220
100 1 $aPalwick, Susan.
245 10 $aFlying in place /$cSusan Palwick.
250 $a1st ed.
260 $aNew York :$bT. Doherty Associates,$c1992.
300 $a179 p. ;$c22 cm.
500 $a"A Tor book"--T.p. verso.
650 0 $aChild abuse$vFiction.
655 7 $aAllegories.$2gsafd
938 $aBaker & Taylor$bBKTY$c17.95$d13.46$i0312851839$n0002081131$sactive
938 $aBaker and Taylor$bBTCP$n90027351$c$17.95
938 $aYBP Library Services$bYANK$n192724
952 $a22907287$zDLC$bLIBRARY OF CONGRESS$hFull$iLCC$kDDC$u20080408
952 $a176463061$zPUL$bPRINCETON UNIV$hFull$iLCC$kDDC$u20100706
952 $a188870828$zPAU$bUNIV OF PENNSYLVANIA$hFull$iLCC$kDDC$u20100724
952 $a224006342$zHMG$bHARVARD UNIV, EDUCATION SCH, GUTMAN LIBR$hLess-than-full batch$iLCC$kDDC$u20100718
029 1 $aYDXCP$b192724
029 1 $aNZ1$b4104676
029 1 $aAU@$b000007704240
994 $aZ0$bPMR
948 $hNO HOLDINGS IN PMR - 392 OTHER HOLDINGS